[Event "Bunratty Masters 2016"]
[Site "Bunratty IRL"]
[Date "2016.02.21"]
[Round "5.22"]
[White "Keogh, Eamon"]
[Black "Mulligan, Scott"]
[Result "0-1"]
[WhiteTitle "NM"]
[WhiteElo "2028"]
[BlackElo "1895"]
[WhiteICU "1924"]
[BlackICU "1914"]
[WhiteClub "Kilkenny"]
[BlackClub "Rathmines"]
[WhiteNationality "IRL"]
[BlackNationality "IRL"]
[WhiteFideId "2500264"]
[BlackFideId "2507498"]
[PlyCount "114"]
[EventDate "2016.02.19"]
[Source "TWIC 1112"]

{ Source: TWIC 1112. } { Reference: <a
href="http://www.irlchess.com/bunratty2016_allfiles/pairings_bunratty2016.html">Tournament
report</a>. }

1. e4 e6 2. f4 d5 3. e5 c5 4. Nf3 Bd7 5. Be2 Qb6 6. O-O Bb5 7. d3 Nh6 8. a4
Ba6 9. a5 Qc7 10. Nc3 Nc6 11. Bd2 Nf5 12. g4 Nfd4 13. f5 Nxe5 14. fxe6
Ndxf3+ 15. Bxf3 fxe6 16. Qe2 Bd6 17. Bg2 O-O-O 18. g5 Rde8 19. Bh3 Kb8 20.
Rae1 h6 21. g6 b6 22. axb6 axb6 23. Ra1 Kb7 24. Ra2 Rhf8 25. Rfa1 Nf3+ 26.
Kh1 Nd4 27. Qg2 Ra8 28. Be3 Bxh2 29. Bxd4 cxd4 30. Nxd5 exd5 31. Qxd5+ Kb8
32. Qxa8+ Kxa8 33. Rxa6+ Kb7 34. Bg2+ Kc8 35. Ra8+ Kd7 36. Rxf8 Qg3 37.
Rf7+ Kd6 38. Rxg7 Qh4 39. Rf7 Qh5 40. Rf3 Bf4+ 41. Rh3 Qxg6 42. Rf1 Be3 43.
Rhf3 Qh5+ 44. Bh3 Qd5 45. Bf5 Qc6 46. c3 dxc3 47. bxc3 Bg5 48. c4 b5 49.
Be4 Qc5 50. Rf5 Qe3 51. c5+ Kc7 52. Rf7+ Kd8 53. Rf8+ Ke7 54. R1f7+ Ke6 55.
Bd5+ Kxd5 56. Rf5+ Kc6 57. R8f7 Qh3+ 0-1

[Event "Bunratty Masters 2016"]
[Site "Bunratty IRL"]
[Date "2016.02.21"]
[Round "5.23"]
[White "Fegan, Chris"]
[Black "Denger, Philipp"]
[Result "1-0"]
[WhiteElo "2077"]
[BlackElo "2088"]
[WhiteNationality "ENG"]
[BlackNationality "GER"]
[WhiteFideId "410047"]
[BlackFideId "4678150"]
[PlyCount "59"]
[EventDate "2016.02.19"]
[Source "TWIC 1112"]

{ Source: TWIC 1112. } { Reference: <a
href="http://www.irlchess.com/bunratty2016_allfiles/pairings_bunratty2016.html">Tournament
report</a>. }

1. Nf3 Nf6 2. g3 b6 3. Bg2 Bb7 4. O-O e6 5. d3 Be7 6. e4 d6 7. b3 Nbd7 8.
Bb2 c5 9. a4 a6 10. c4 Qc7 11. Nc3 Bc6 12. Re1 Qb7 13. d4 Nf8 14. d5 exd5
15. e5 dxe5 16. Nxe5 Rd8 17. Nxc6 Qxc6 18. Nxd5 Nxd5 19. cxd5 Qh6 20. Qe2
Rd7 21. Qxa6 Rg8 22. Rad1 f5 23. Bf1 f4 24. d6 Rxd6 25. Qc8+ Kf7 26. Rxd6
Qxd6 27. Bc4+ Kg6 28. Bxg8 Qd2 29. Qe8+ Kh6 30. Qxe7 1-0

[Event "Bunratty Masters 2016"]
[Site "Bunratty IRL"]
[Date "2016.02.21"]
[Round "6.2"]
[White "Jones, Gawain"]
[Black "Hebden, Mark"]
[Result "1-0"]
[WhiteTitle "GM"]
[BlackTitle "GM"]
[WhiteElo "2629"]
[BlackElo "2467"]
[WhiteNationality "ENG"]
[BlackNationality "ENG"]
[WhiteFideId "409561"]
[BlackFideId "400084"]
[PlyCount "57"]
[EventDate "2016.02.19"]
[Source "TWIC 1112"]

{ Source: TWIC 1112. } { Reference: <a
href="http://www.irlchess.com/bunratty2016_allfiles/pairings_bunratty2016.html">Tournament
report</a>. }

1. d4 Nf6 2. Nf3 g6 3. c4 Bg7 4. Nc3 O-O 5. Bg5 d6 6. Qd2 c5 7. d5 Bf5 8.
Nh4 Bd7 9. e4 b5 10. cxb5 a6 11. bxa6 Qa5 12. Bd3 Nxa6 13. O-O Rfb8 14.
Rab1 Nc7 15. Bh6 Bh8 16. h3 Nb5 17. Nf5 Re8 18. Bxb5 Bxb5 19. Rfe1 Bd7 20.
Ne3 Bb5 21. Qc2 Ba6 22. f4 Nd7 23. Ng4 Bd4+ 24. Kh1 Rab8 25. e5 Bc4 26. e6
Nf6 27. Nxf6+ Bxf6 28. exf7+ Kxf7 29. Qe4 1-0

[Event "Bunratty Masters 2016"]
[Site "Bunratty IRL"]
[Date "2016.02.21"]
[Round "6.3"]
[White "Bates, Richard A."]
[Black "Williams, Simon K."]
[Result "1-0"]
[WhiteTitle "IM"]
[BlackTitle "GM"]
[WhiteElo "2332"]
[BlackElo "2435"]
[WhiteNationality "ENG"]
[BlackNationality "ENG"]
[WhiteFideId "403555"]
[BlackFideId "404454"]
[PlyCount "95"]
[EventDate "2016.02.19"]
[Source "TWIC 1112"]

{ Source: TWIC 1112. } { Reference: <a
href="http://www.irlchess.com/bunratty2016_allfiles/pairings_bunratty2016.html">Tournament
report</a>. }

1. Nf3 d5 2. d4 e6 3. c4 c6 4. Nc3 Nf6 5. g3 dxc4 6. Bg2 b5 7. O-O Bb7 8.
Ne5 Qc8 9. b3 cxb3 10. axb3 Nbd7 11. Bb2 Nxe5 12. dxe5 Nd5 13. Ne4 Be7 14.
Nd6+ Bxd6 15. exd6 O-O 16. Rxa7 c5 17. Rxa8 Qxa8 18. e4 Nf6 19. Bxf6 gxf6
20. Qg4+ Kh8 21. Rd1 f5 22. Qh4 Qd8 23. Qf4 fxe4 24. Bxe4 Bxe4 25. Qxe4 Qg5
26. h4 Qh5 27. Rd2 Qh6 28. Ra2 Qh5 29. Rd2 Qh6 30. Qe5+ f6 31. Qe2 e5 32.
Rc2 Qg6 33. Rxc5 Qb1+ 34. Kh2 Qxb3 35. Rxb5 Qe6 36. Qd2 Rd8 37. Rb7 Qf5 38.
Kg1 Qg6 39. Qa5 Qg8 40. Qc7 Re8 41. d7 Rd8 42. Qd6 Kg7 43. Qe7+ Kg6 44. Rb6
Qf8 45. Qxe5 Rxd7 46. Qe4+ Kf7 47. Qc4+ Ke8 48. Qe6+ 1-0

[Event "Bunratty Masters 2016"]
[Site "Bunratty IRL"]
[Date "2016.02.21"]
[Round "6.4"]
[White "Collins, Sam"]
[Black "Le Ruyet, Leopold"]
[Result "0-1"]
[WhiteTitle "IM"]
[WhiteElo "2442"]
[BlackElo "2240"]
[WhiteICU "2416"]
[WhiteClub "Gonzaga"]
[WhiteNationality "IRL"]
[BlackNationality "FRA"]
[WhiteFideId "2501198"]
[BlackFideId "645923"]
[PlyCount "46"]
[EventDate "2016.02.19"]
[Source "TWIC 1112"]
[BlackFullName "Le Ruyet, L&eacute;opold"]

{ Source: TWIC 1112. } { Reference: <a
href="http://www.irlchess.com/bunratty2016_allfiles/pairings_bunratty2016.html">Tournament
report</a>. }

1. e4 e5 2. Nf3 Nc6 3. Bc4 Nf6 4. d3 Be7 5. O-O O-O 6. Re1 d6 7. a4 h6 8.
c3 Kh8 9. h3 Ng8 10. d4 f5 11. dxe5 fxe4 12. exd6 Bxd6 13. Nd4 Qh4 14. Qc2
Nxd4 15. cxd4 Bxh3 16. Rxe4 Bg4 17. Rxg4 Qxg4 18. Be3 Qh4 19. Bd5 Rae8 20.
Qd3 Rxf2 21. Bxf2 Qh2+ 22. Kf1 Qh1+ 23. Bg1 Bh2 0-1

[Event "Bunratty Masters 2016"]
[Site "Bunratty IRL"]
[Date "2016.02.21"]
[Round "6.5"]
[White "Villegas, Pierre"]
[Black "Baburin, Alexander"]
[Result "1/2-1/2"]
[WhiteTitle "FM"]
[BlackTitle "GM"]
[WhiteElo "2354"]
[BlackElo "2490"]
[BlackICU "2429"]
[BlackClub "Kilkenny"]
[WhiteNationality "MNC"]
[BlackNationality "IRL"]
[WhiteFideId "654183"]
[BlackFideId "2500914"]
[PlyCount "48"]
[EventDate "2016.02.19"]
[Source "TWIC 1112"]

{ Source: TWIC 1112. } { Reference: <a
href="http://www.irlchess.com/bunratty2016_allfiles/pairings_bunratty2016.html">Tournament
report</a>. }

1. d4 d5 2. c4 e6 3. Nc3 Nf6 4. cxd5 exd5 5. Bg5 c6 6. Qc2 Na6 7. e3 Nc7 8.
Bd3 Ne6 9. Bh4 Be7 10. Nge2 g6 11. f3 O-O 12. Rd1 b6 13. O-O Bb7 14. Kh1
Rc8 15. Qd2 Ne4 16. fxe4 Bxh4 17. Nf4 Nxf4 18. exf4 dxe4 19. Bxe4 f5 20.
Bf3 Kh8 21. d5 cxd5 22. Nxd5 Bxd5 23. Bxd5 Qe7 24. b3 Rfe8 1/2-1/2

[Event "Bunratty Masters 2016"]
[Site "Bunratty IRL"]
[Date "2016.02.21"]
[Round "6.6"]
[White "Short, Philip"]
[Black "Wells, Peter K."]
[Result "0-1"]
[WhiteTitle "FM"]
[BlackTitle "GM"]
[WhiteElo "2298"]
[BlackElo "2427"]
[WhiteNationality "IRL"]
[BlackNationality "ENG"]
[WhiteFideId "2500086"]
[BlackFideId "400327"]
[PlyCount "46"]
[EventDate "2016.02.19"]
[Source "TWIC 1112"]

{ Source: TWIC 1112. } { Reference: <a
href="http://www.irlchess.com/bunratty2016_allfiles/pairings_bunratty2016.html">Tournament
report</a>. }

1. d4 Nf6 2. c4 e6 3. Nf3 d5 4. Nc3 c6 5. e3 Nbd7 6. Qc2 Bd6 7. Bd3 O-O 8.
O-O dxc4 9. Bxc4 b5 10. Bd3 Bb7 11. a4 b4 12. Ne4 Nxe4 13. Bxe4 Nf6 14. Bd3
c5 15. dxc5 Rc8 16. Qe2 Bxf3 17. gxf3 Rxc5 18. f4 e5 19. fxe5 Rxe5 20. e4
Re6 21. Bd2 Ng4 22. f4 Bc5+ 23. Kg2 Qh4 0-1

[Event "Bunratty Masters 2016"]
[Site "Bunratty IRL"]
[Date "2016.02.21"]
[Round "6.7"]
[White "Costachi, Mihnea"]
[Black "Rendle, Thomas E."]
[Result "1/2-1/2"]
[WhiteTitle "FM"]
[BlackTitle "IM"]
[WhiteElo "2409"]
[BlackElo "2366"]
[WhiteNationality "ROU"]
[BlackNationality "ENG"]
[WhiteFideId "1217518"]
[BlackFideId "408760"]
[PlyCount "39"]
[EventDate "2016.02.19"]
[Source "TWIC 1112"]

{ Source: TWIC 1112. } { Reference: <a
href="http://www.irlchess.com/bunratty2016_allfiles/pairings_bunratty2016.html">Tournament
report</a>. }

1. d4 e6 2. c4 f5 3. Nf3 Nf6 4. g3 d5 5. Bg2 c6 6. b3 Bd6 7. O-O Qe7 8. a4
O-O 9. Ba3 Bxa3 10. Nxa3 Nbd7 11. Nc2 a5 12. Nce1 b6 13. Nd3 Bb7 14. Nfe5
Rac8 15. Rc1 Nxe5 16. Nxe5 c5 17. dxc5 bxc5 18. cxd5 exd5 19. Nd3 Ne4 20.
Qc2 1/2-1/2

[Event "Bunratty Masters 2016"]
[Site "Bunratty IRL"]
[Date "2016.02.21"]
[Round "6.8"]
[White "Murray, David B."]
[Black "Heidenfeld, Mark"]
[Result "1/2-1/2"]
[BlackTitle "IM"]
[WhiteElo "2181"]
[BlackElo "2370"]
[WhiteICU "2124"]
[BlackICU "2350"]
[WhiteClub "Gonzaga"]
[BlackClub "Kilkenny"]
[WhiteNationality "IRL"]
[BlackNationality "IRL"]
[WhiteFideId "2501511"]
[BlackFideId "2500990"]
[PlyCount "116"]
[EventDate "2016.02.19"]
[Source "TWIC 1112"]

{ Source: TWIC 1112. } { Reference: <a
href="http://www.irlchess.com/bunratty2016_allfiles/pairings_bunratty2016.html">Tournament
report</a>. }

1. e4 e5 2. Nf3 Nf6 3. Nxe5 d6 4. Nf3 Nxe4 5. Nc3 Nxc3 6. dxc3 Be7 7. Be3
Nd7 8. Qd2 Ne5 9. Nxe5 dxe5 10. Bd3 Be6 11. Qe2 c6 12. O-O Qc7 13. Kh1 O-O
14. f4 f5 15. fxe5 Qxe5 16. Rae1 Bd5 17. Qh5 g6 18. Qh6 Qg7 19. c4 Be4 20.
Bxe4 fxe4 21. Qxg7+ Kxg7 22. Rxf8 Kxf8 23. Bh6+ Kf7 24. Rxe4 Bf6 25. Bc1
Re8 26. Rxe8 Kxe8 27. Kg1 Kf7 28. Kf2 Ke6 29. b3 h5 30. Kf3 Kf5 31. h3 h4
32. a4 a6 33. Bd2 Be7 34. Bc3 Bg5 35. b4 Be7 36. b5 Bg5 37. Bd4 Bd8 38. Bg7
Bg5 39. Bc3 Be7 40. Bd4 Bg5 41. Bb6 Be7 42. Bc7 Bg5 43. Bd6 Bd8 44. Bb8 Bg5
45. Bc7 Be7 46. Bf4 Bd8 47. Bd6 Bg5 48. Bc7 Be7 49. Ke3 Bf6 50. Bd6 g5 51.
Bc7 Bb2 52. Bd8 Be5 53. Be7 Bb2 54. Kd3 Be5 55. Bc5 Bg7 56. bxa6 bxa6 57.
Be3 Be5 58. Bc1 Bg7 1/2-1/2

[Event "Bunratty Masters 2016"]
[Site "Bunratty IRL"]
[Date "2016.02.21"]
[Round "6.9"]
[White "O'Donnell, Conor"]
[Black "Walton, Alan J."]
[Result "1-0"]
[WhiteTitle "FM"]
[BlackTitle "CM"]
[WhiteElo "2303"]
[BlackElo "2216"]
[WhiteICU "2284"]
[WhiteClub "Gonzaga"]
[WhiteNationality "IRL"]
[BlackNationality "ENG"]
[WhiteFideId "2504243"]
[BlackFideId "409898"]
[PlyCount "61"]
[EventDate "2016.02.19"]
[Source "TWIC 1112"]

{ Source: TWIC 1112. } { Reference: <a
href="http://www.irlchess.com/bunratty2016_allfiles/pairings_bunratty2016.html">Tournament
report</a>. }

1. d4 e6 2. c4 d5 3. Nc3 c6 4. Nf3 dxc4 5. a4 Bb4 6. e3 b5 7. Bd2 a5 8.
axb5 Bxc3 9. Bxc3 cxb5 10. b3 Bb7 11. bxc4 b4 12. Bb2 Nf6 13. Bd3 Nbd7 14.
O-O O-O 15. Nd2 Bc6 16. e4 Nc5 17. Qe2 Na4 18. Rxa4 Bxa4 19. e5 Ne8 20. Qe4
g6 21. d5 Ng7 22. Qf4 f5 23. exf6 Nh5 24. Qg5 Be8 25. Ne4 exd5 26. cxd5 Bf7
27. g4 Qxd5 28. Qh6 Ra7 29. gxh5 Be8 30. Rd1 a4 31. Nd6 1-0

[Event "Bunratty Masters 2016"]
[Site "Bunratty IRL"]
[Date "2016.02.21"]
[Round "6.10"]
[White "Quinn, Rory"]
[Black "Van der Zwet, Bart"]
[Result "0-1"]
[WhiteElo "2080"]
[BlackElo "2100"]
[WhiteICU "2032"]
[WhiteClub "Ennis"]
[WhiteNationality "IRL"]
[BlackNationality "NED"]
[WhiteFideId "2501643"]
[BlackFideId "1004204"]
[PlyCount "158"]
[EventDate "2016.02.19"]
[Source "TWIC 1112"]
[BlackFullName "van der Zwet, Bart"]

{ Source: TWIC 1112. } { Reference: <a
href="http://www.irlchess.com/bunratty2016_allfiles/pairings_bunratty2016.html">Tournament
report</a>. }

1. e4 e6 2. d4 d5 3. Nc3 Nf6 4. Bg5 dxe4 5. Nxe4 Nbd7 6. Nf3 Be7 7. Nxf6+
Nxf6 8. Bd3 O-O 9. Qe2 c5 10. dxc5 Qa5+ 11. c3 Qxc5 12. O-O Rd8 13. Rfd1
Bd7 14. Ne5 Ba4 15. b3 Be8 16. c4 h6 17. Bf4 Kf8 18. Qf3 Bd6 19. Ng4 Bxf4
20. Nxf6 Be5 21. Ne4 Qc7 22. Rac1 Bxh2+ 23. Kf1 Bf4 24. Rc2 Bc6 25. Qe2 Qe5
26. Nc3 Qf6 27. Be4 Rxd1+ 28. Qxd1 Rd8 29. Qe2 Bxe4 30. Qxe4 Bd2 31. Qf3
Qe5 32. g3 Qe1+ 33. Kg2 Bxc3 34. Qxc3 Qxc3 35. Rxc3 Rd2 36. a3 a5 37. Kf3
Ra2 38. a4 Ke7 39. Ke3 Kd6 40. Rd3+ Kc6 41. f3 Rg2 42. g4 h5 43. gxh5 Rg5
44. Rd8 Rxh5 45. Rc8+ Kd7 46. Rb8 Kc7 47. Rf8 Rf5 48. Ke4 Kb6 49. f4 Kc5
50. Rb8 b6 51. Rb7 g6 52. Rb8 f6 53. Rc8+ Kd6 54. Rb8 Kc7 55. Rg8 e5 56.
fxe5 Rxe5+ 57. Kd4 g5 58. Rf8 Rf5 59. Ke4 Re5+ 60. Kd4 Re6 61. c5 bxc5+ 62.
Kxc5 Re5+ 63. Kd4 Rf5 64. Rg8 Kd6 65. Rd8+ Kc6 66. Rc8+ Kd7 67. Ra8 Re5 68.
Ra6 Ke7 69. b4 axb4 70. a5 b3 71. Kc3 Rb5 72. Ra7+ Ke6 73. Kb2 Kf5 74. a6
g4 75. Rh7 Kg6 76. a7 Ra5 77. Rh4 f5 78. Kxb3 Rxa7 79. Kc4 Rd7 0-1

[Event "Bunratty Masters 2016"]
[Site "Bunratty IRL"]
[Date "2016.02.21"]
[Round "6.11"]
[White "Schockenbaeumer, Dirk"]
[Black "Cabanas Jimenez, Manuel"]
[Result "1/2-1/2"]
[WhiteElo "2155"]
[BlackElo "2070"]
[WhiteNationality "GER"]
[BlackNationality "ESP"]
[WhiteFideId "4629574"]
[BlackFideId "2268647"]
[PlyCount "28"]
[EventDate "2016.02.19"]
[Source "TWIC 1112"]
[WhiteFullName "Schockenb&auml;umer, Dirk"]
[BlackFullName "Caba&ntilde;as Jimenez, Manuel"]

{ Source: TWIC 1112. } { Reference: <a
href="http://www.irlchess.com/bunratty2016_allfiles/pairings_bunratty2016.html">Tournament
report</a>. }

1. Nf3 Nf6 2. c4 g6 3. Nc3 d5 4. cxd5 Nxd5 5. e4 Nxc3 6. bxc3 Bg7 7. d4 c5
8. Be3 Nc6 9. Qd2 Qa5 10. Rc1 cxd4 11. cxd4 Qxd2+ 12. Kxd2 O-O 13. Bb5 Rd8
14. d5 e6 1/2-1/2

[Event "Bunratty Masters 2016"]
[Site "Bunratty IRL"]
[Date "2016.02.21"]
[Round "6.12"]
[White "O'Gorman, Tom"]
[Black "Skulte, Christopher"]
[Result "1/2-1/2"]
[WhiteElo "2067"]
[BlackElo "2011"]
[WhiteICU "2133"]
[WhiteClub "Dun Laoghaire"]
[WhiteNationality "IRL"]
[BlackNationality "AUS"]
[WhiteFideId "2508249"]
[BlackFideId "3214044"]
[PlyCount "114"]
[EventDate "2016.02.19"]
[Source "TWIC 1112"]

{ Source: TWIC 1112. } { Reference: <a
href="http://www.irlchess.com/bunratty2016_allfiles/pairings_bunratty2016.html">Tournament
report</a>. }

1. e4 c5 2. Nf3 e6 3. d4 cxd4 4. Nxd4 Nf6 5. Bd3 Nc6 6. Nxc6 bxc6 7. O-O e5
8. c4 Be7 9. Nc3 O-O 10. f4 d6 11. f5 d5 12. Kh1 Ba6 13. cxd5 Bxd3 14. Qxd3
cxd5 15. exd5 Bb4 16. Bg5 Bxc3 17. Bxf6 Qxf6 18. bxc3 e4 19. Qe3 Rac8 20.
Rac1 Rc4 21. Rf4 Qe5 22. Qg3 Qxd5 23. f6 g6 24. Rcf1 Rd8 25. Rh4 h5 26. Qe3
Qd3 27. Qf4 Qd2 28. Qe5 Qxc3 29. Qxc3 Rxc3 30. Rxe4 Rc2 31. Rb1 Rxa2 32. h4
Ra6 33. Rf4 Rb6 34. Ra1 a6 35. Rc1 Rdd6 36. Rc8+ Kh7 37. Rf8 Rxf6 38. Rxf7+
Rxf7 39. Rxf7+ Kh6 40. Ra7 Rb1+ 41. Kh2 Ra1 42. g3 Ra2+ 43. Kh3 a5 44. Ra6
a4 45. Ra7 a3 46. Ra6 Kg7 47. Rb6 Ra1 48. Ra6 a2 49. Kg2 Kf7 50. Ra8 Ke6
51. Kh2 Kd5 52. Kg2 Kc4 53. Kh2 Kd3 54. Kg2 Ke4 55. Ra4+ Kd3 56. Ra8 Re1
57. Ra3+ Ke4 1/2-1/2

[Event "Bunratty Masters 2016"]
[Site "Bunratty IRL"]
[Date "2016.02.21"]
[Round "6.14"]
[White "Mulligan, Scott"]
[Black "Houston, David"]
[Result "1/2-1/2"]
[WhiteElo "1895"]
[BlackElo "2235"]
[WhiteICU "1914"]
[BlackUCU "2091"]
[WhiteClub "Rathmines"]
[BlackClub "Ballynafeigh"]
[WhiteNationality "IRL"]
[BlackNationality "IRL"]
[WhiteFideId "2507498"]
[BlackFideId "2505355"]
[PlyCount "61"]
[EventDate "2016.02.19"]
[Source "TWIC 1112"]

{ Source: TWIC 1112. } { Reference: <a
href="http://www.irlchess.com/bunratty2016_allfiles/pairings_bunratty2016.html">Tournament
report</a>. }

1. e4 e5 2. Nf3 Nc6 3. Bb5 a6 4. Ba4 Nf6 5. O-O b5 6. Bb3 d6 7. Re1 Be7 8.
c3 O-O 9. h3 Na5 10. Bc2 c5 11. d4 Qc7 12. d5 h6 13. b3 Re8 14. Nbd2 Bf8
15. Nf1 g6 16. Ng3 Bg7 17. Be3 Kh7 18. Qe2 Bd7 19. Rec1 Nb7 20. b4 a5 21.
a3 Reb8 22. Bd3 axb4 23. axb4 c4 24. Bc2 Nd8 25. Qd1 Ne8 26. Rxa8 Rxa8 27.
Ra1 Qb7 28. Qc1 Ra6 29. Nd2 Qa8 30. Rxa6 Qxa6 31. Qb2 1/2-1/2

[Event "Bunratty Masters 2016"]
[Site "Bunratty IRL"]
[Date "2016.02.21"]
[Round "6.15"]
[White "Gelip, Ioana"]
[Black "Rawlinson, Aidan M."]
[Result "0-1"]
[WhiteElo "2132"]
[BlackElo "2208"]
[WhiteNationality "ROU"]
[BlackNationality "ENG"]
[WhiteFideId "1202260"]
[BlackFideId "413496"]
[PlyCount "48"]
[EventDate "2016.02.19"]
[Source "TWIC 1112"]

{ Source: TWIC 1112. } { Reference: <a
href="http://www.irlchess.com/bunratty2016_allfiles/pairings_bunratty2016.html">Tournament
report</a>. }

1. e4 g6 2. d4 Bg7 3. Nc3 d6 4. Be3 a6 5. Qd2 b5 6. O-O-O Bb7 7. f3 Nd7 8.
g4 h6 9. h4 Nb6 10. Bd3 Nf6 11. Nge2 Nfd7 12. Ng3 c5 13. dxc5 dxc5 14. Nd5
Bxd5 15. exd5 Na4 16. c3 b4 17. Qc2 Qa5 18. Bxg6 bxc3 19. b3 Nb2 20. Nh5
Be5 21. f4 Nxd1 22. Rxd1 fxg6 23. Qxg6+ Kd8 24. fxe5 Qa3+ 0-1

[Event "Bunratty Masters 2016"]
[Site "Bunratty IRL"]
[Date "2016.02.21"]
[Round "6.16"]
[White "O'Connor, Jonathan"]
[Black "MacElligott, Gerard"]
[Result "1-0"]
[BlackTitle "CM"]
[WhiteElo "2182"]
[BlackElo "2082"]
[WhiteICU "2131"]
[BlackICU "1986"]
[WhiteClub "Dublin"]
[BlackClub "Elm Mount"]
[WhiteNationality "IRL"]
[BlackNationality "IRL"]
[WhiteFideId "2501112"]
[BlackFideId "2500647"]
[PlyCount "89"]
[EventDate "2016.02.19"]
[Source "TWIC 1112"]

{ Source: TWIC 1112. } { Reference: <a
href="http://www.irlchess.com/bunratty2016_allfiles/pairings_bunratty2016.html">Tournament
report</a>. }

1. e4 c5 2. Nf3 Nc6 3. Bb5 g6 4. O-O Bg7 5. Re1 Nf6 6. Nc3 O-O 7. e5 Ne8 8.
a4 Nc7 9. Bxc6 dxc6 10. h3 f5 11. d3 Ne6 12. Ne2 h6 13. h4 b6 14. Nf4 Nxf4
15. Bxf4 Be6 16. Qd2 Kh7 17. c4 Qd7 18. Qe3 a5 19. b3 Rad8 20. Rad1 Qc8 21.
Rd2 Rd7 22. Red1 Rfd8 23. h5 gxh5 24. Nh4 Rd4 25. Nf3 R4d7 26. d4 cxd4 27.
Nxd4 c5 28. Nxe6 Rxd2 29. Rxd2 Rxd2 30. Qxd2 Qxe6 31. Qd5 Qc8 32. e6 Bf6
33. Qd7 Qxd7 34. exd7 e5 35. Bxe5 Bd8 36. Kh2 h4 37. g3 hxg3+ 38. Bxg3 Kg6
39. Kh3 Kf7 40. Bh4 Bxh4 41. Kxh4 Ke7 42. f4 Kxd7 43. Kh5 Ke7 44. Kxh6 Kf6
45. Kh5 1-0

[Event "Bunratty Masters 2016"]
[Site "Bunratty IRL"]
[Date "2016.02.21"]
[Round "6.17"]
[White "Fox, Anthony"]
[Black "Moran, Stephen"]
[Result "1/2-1/2"]
[WhiteElo "2022"]
[BlackElo "2132"]
[WhiteICU "2016"]
[BlackICU "2108"]
[WhiteClub "Dun Laoghaire"]
[BlackClub "T.C.D."]
[WhiteNationality "IRL"]
[BlackNationality "IRL"]
[WhiteFideId "2500736"]
[BlackFideId "2501872"]
[PlyCount "72"]
[EventDate "2016.02.19"]
[Source "TWIC 1112"]

{ Source: TWIC 1112. } { Reference: <a
href="http://www.irlchess.com/bunratty2016_allfiles/pairings_bunratty2016.html">Tournament
report</a>. }

1. e4 e6 2. d4 d5 3. exd5 exd5 4. Nf3 Bg4 5. Bd3 Bd6 6. O-O Nc6 7. c3 Qd7
8. Re1+ Nge7 9. Bg5 f6 10. Bh4 O-O-O 11. Bg3 Bxg3 12. fxg3 Rhe8 13. Nbd2
Bf5 14. Qc2 Bxd3 15. Qxd3 Nf5 16. Rxe8 Rxe8 17. Re1 Rxe1+ 18. Nxe1 Qe6 19.
Nc2 g6 20. b3 Nd8 21. g4 Nd6 22. h3 N8f7 23. Qe3 Kd7 24. Qxe6+ Kxe6 25. Kf2
Ng5 26. Ke3 c6 27. c4 Nge4 28. Nxe4 Nxe4 29. cxd5+ cxd5 30. a4 Kd6 31. Nb4
Ng5 32. Nd3 Ne6 33. Nb4 Nd8 34. Nd3 b6 35. Kd2 Ne6 36. Ke3 Nd8 1/2-1/2

[Event "Bunratty Masters 2016"]
[Site "Bunratty IRL"]
[Date "2016.02.21"]
[Round "6.18"]
[White "Moynihan, Kieran"]
[Black "Byrne, Alex"]
[Result "1-0"]
[WhiteElo "2138"]
[BlackElo "1861"]
[WhiteICU "2058"]
[BlackICU "1929"]
[WhiteClub "C.C.Y.M.S."]
[BlackClub "St. Benildus"]
[WhiteNationality "IRL"]
[BlackNationality "IRL"]
[WhiteFideId "2500663"]
[BlackFideId "2508788"]
[PlyCount "67"]
[EventDate "2016.02.19"]
[Source "TWIC 1112"]

{ Source: TWIC 1112. } { Reference: <a
href="http://www.irlchess.com/bunratty2016_allfiles/pairings_bunratty2016.html">Tournament
report</a>. }

1. d4 e6 2. c4 b6 3. a3 Bb7 4. Nc3 f5 5. Nf3 Nf6 6. g3 Be7 7. d5 Ne4 8. Bd2
O-O 9. Bg2 Bf6 10. Rc1 g5 11. O-O h5 12. Be1 Qe8 13. Nd4 Nd6 14. Ncb5 Bxd4
15. Qxd4 Nxb5 16. cxb5 e5 17. Qc3 Qf7 18. Qxc7 Bxd5 19. Qxe5 Bxg2 20. Bc3
Kh7 21. Kxg2 Re8 22. Qd4 a6 23. a4 axb5 24. axb5 f4 25. Rcd1 fxg3 26. hxg3
Qg6 27. Qd3 Qxd3 28. Rxd3 Re6 29. e3 Ra7 30. Rd5 Kg6 31. f4 gxf4 32. exf4
Re3 33. Rg5+ Kh6 34. Rh1 1-0